<?xml version="1.0" encoding="UTF-8"?>
<record
    xmlns:xsi="http://www.w3.org/2001/XMLSchema-instance"
    xsi:schemaLocation="http://www.loc.gov/MARC21/slim http://www.loc.gov/standards/marcxml/schema/MARC21slim.xsd"
    xmlns="http://www.loc.gov/MARC21/slim">

  <leader>00665nam a22001577a 4500</leader>
  <controlfield tag="003">OSt</controlfield>
  <controlfield tag="005">20150927163245.0</controlfield>
  <controlfield tag="008">150927b        xxu||||| |||| 00| 0 eng d</controlfield>
  <datafield tag="040" ind1=" " ind2=" ">
    <subfield code="c">RUA </subfield>
  </datafield>
  <datafield tag="082" ind1=" " ind2=" ">
    <subfield code="a">ATM.Sp. KON 2003 B058 Or.1</subfield>
  </datafield>
  <datafield tag="100" ind1=" " ind2=" ">
    <subfield code="9">1453</subfield>
    <subfield code="a">KONG, SOTHEARO.</subfield>
  </datafield>
  <datafield tag="245" ind1=" " ind2=" ">
    <subfield code="a">Study on impact of the special program for food security in kompong cham province, &#x1780;&#x17B6;&#x179A;&#x179F;&#x17B7;&#x1780;&#x17D2;&#x179F;&#x17B6;&#x179B;&#x17BE;&#x17A5;&#x1791;&#x17D2;&#x1792;&#x17B7;&#x1796;&#x179B;&#x1793;&#x17C3;&#x1780;&#x1798;&#x17D2;&#x1798;&#x179C;&#x17B7;&#x1792;&#x17B8;&#x1796;&#x17B7;&#x179F;&#x17C1;&#x179F;&#x178A;&#x17BE;&#x1798;&#x17D2;&#x1794;&#x17B8;&#x179F;&#x1793;&#x17D2;&#x178F;&#x17B7;&#x179F;&#x17BB;&#x1781;&#x179F;&#x17D2;&#x1794;&#x17C0;&#x1784;&#x1794;&#x17D2;&#x179A;&#x1785;&#x17B6;&#x17C6;&#x1781;&#x17C1;&#x178F;&#x17D2;&#x178F;&#x1780;&#x17C6;&#x1796;&#x1784;&#x17CB;&#x1785;&#x17B6;&#x1798;</subfield>
  </datafield>
  <datafield tag="260" ind1=" " ind2=" ">
    <subfield code="a">Phnom Penh</subfield>
    <subfield code="b">RUA</subfield>
    <subfield code="c">2003</subfield>
  </datafield>
  <datafield tag="300" ind1=" " ind2=" ">
    <subfield code="a">67p.</subfield>
    <subfield code="b">ill.</subfield>
    <subfield code="c">29cm.</subfield>
  </datafield>
  <datafield tag="942" ind1=" " ind2=" ">
    <subfield code="2">ddc</subfield>
    <subfield code="c">ATMSP</subfield>
  </datafield>
  <datafield tag="999" ind1=" " ind2=" ">
    <subfield code="c">1364</subfield>
    <subfield code="d">1364</subfield>
  </datafield>
  <datafield tag="952" ind1=" " ind2=" ">
    <subfield code="0">0</subfield>
    <subfield code="1">0</subfield>
    <subfield code="2">ddc</subfield>
    <subfield code="4">0</subfield>
    <subfield code="6">ATM__SP__KON_2003_000000000000000_B058_OR_1</subfield>
    <subfield code="7">0</subfield>
    <subfield code="9">5896</subfield>
    <subfield code="a">LBB</subfield>
    <subfield code="b">LBB</subfield>
    <subfield code="c">B058</subfield>
    <subfield code="d">2015-09-27</subfield>
    <subfield code="o">ATM.Sp. KON 2003 B058 Or.1</subfield>
    <subfield code="p">RUA001559</subfield>
    <subfield code="r">2015-09-27</subfield>
    <subfield code="w">2015-09-27</subfield>
    <subfield code="y">ATMSP</subfield>
  </datafield>
  <datafield tag="952" ind1=" " ind2=" ">
    <subfield code="0">0</subfield>
    <subfield code="1">0</subfield>
    <subfield code="2">ddc</subfield>
    <subfield code="4">0</subfield>
    <subfield code="6">ATM__SP__KON_2003_000000000000000_B058_OR_2</subfield>
    <subfield code="7">0</subfield>
    <subfield code="9">5897</subfield>
    <subfield code="a">LBB</subfield>
    <subfield code="b">LBB</subfield>
    <subfield code="c">B058</subfield>
    <subfield code="d">2015-09-27</subfield>
    <subfield code="o">ATM.Sp. KON 2003 B058 Or.2</subfield>
    <subfield code="p">RUA001333</subfield>
    <subfield code="r">2015-09-27</subfield>
    <subfield code="w">2015-09-27</subfield>
    <subfield code="y">ATMSP</subfield>
  </datafield>
  <datafield tag="952" ind1=" " ind2=" ">
    <subfield code="0">0</subfield>
    <subfield code="1">0</subfield>
    <subfield code="2">ddc</subfield>
    <subfield code="4">0</subfield>
    <subfield code="6">ATM__SP__KON_2003_000000000000000_B058_OR_3</subfield>
    <subfield code="7">0</subfield>
    <subfield code="9">5898</subfield>
    <subfield code="a">LBB</subfield>
    <subfield code="b">LBB</subfield>
    <subfield code="c">B058</subfield>
    <subfield code="d">2015-09-27</subfield>
    <subfield code="o">ATM.Sp. KON 2003 B058 Or.3</subfield>
    <subfield code="p">RUA001405</subfield>
    <subfield code="r">2015-09-27</subfield>
    <subfield code="w">2015-09-27</subfield>
    <subfield code="y">ATMSP</subfield>
  </datafield>
  <datafield tag="952" ind1=" " ind2=" ">
    <subfield code="0">0</subfield>
    <subfield code="1">0</subfield>
    <subfield code="2">ddc</subfield>
    <subfield code="4">0</subfield>
    <subfield code="6">ATM__SP__KON_2003_000000000000000_B058_OR_4</subfield>
    <subfield code="7">0</subfield>
    <subfield code="9">5899</subfield>
    <subfield code="a">LBB</subfield>
    <subfield code="b">LBB</subfield>
    <subfield code="c">B058</subfield>
    <subfield code="d">2015-09-27</subfield>
    <subfield code="o">ATM.Sp. KON 2003 B058 Or.4</subfield>
    <subfield code="p">RUA001261</subfield>
    <subfield code="r">2015-09-27</subfield>
    <subfield code="w">2015-09-27</subfield>
    <subfield code="y">ATMSP</subfield>
  </datafield>
  <datafield tag="952" ind1=" " ind2=" ">
    <subfield code="0">0</subfield>
    <subfield code="1">0</subfield>
    <subfield code="2">ddc</subfield>
    <subfield code="4">0</subfield>
    <subfield code="6">ATM__SP__KON_2003_000000000000000_B058_OR_5</subfield>
    <subfield code="7">0</subfield>
    <subfield code="9">5900</subfield>
    <subfield code="a">LBB</subfield>
    <subfield code="b">LBB</subfield>
    <subfield code="c">B058</subfield>
    <subfield code="d">2015-09-27</subfield>
    <subfield code="o">ATM.Sp. KON 2003 B058 Or.5</subfield>
    <subfield code="p">RUA001477</subfield>
    <subfield code="r">2015-09-27</subfield>
    <subfield code="w">2015-09-27</subfield>
    <subfield code="y">ATMSP</subfield>
  </datafield>
  <datafield tag="952" ind1=" " ind2=" ">
    <subfield code="0">0</subfield>
    <subfield code="1">0</subfield>
    <subfield code="2">ddc</subfield>
    <subfield code="4">0</subfield>
    <subfield code="6">ATM__SP__KON_2003_000000000000000_B058_OR_6</subfield>
    <subfield code="7">0</subfield>
    <subfield code="9">5901</subfield>
    <subfield code="a">LBB</subfield>
    <subfield code="b">LBB</subfield>
    <subfield code="c">B058</subfield>
    <subfield code="d">2015-09-27</subfield>
    <subfield code="o">ATM.Sp. KON 2003 B058 Or.6</subfield>
    <subfield code="p">RUA001133</subfield>
    <subfield code="r">2015-09-27</subfield>
    <subfield code="w">2015-09-27</subfield>
    <subfield code="y">ATMSP</subfield>
  </datafield>
  <datafield tag="952" ind1=" " ind2=" ">
    <subfield code="0">0</subfield>
    <subfield code="1">0</subfield>
    <subfield code="2">ddc</subfield>
    <subfield code="4">0</subfield>
    <subfield code="6">ATM__SP__KON_2003_000000000000000_B058_OR_7</subfield>
    <subfield code="7">0</subfield>
    <subfield code="9">5902</subfield>
    <subfield code="a">LBB</subfield>
    <subfield code="b">LBB</subfield>
    <subfield code="c">B058</subfield>
    <subfield code="d">2015-09-27</subfield>
    <subfield code="o">ATM.Sp. KON 2003 B058 Or.7</subfield>
    <subfield code="p">RUA001560</subfield>
    <subfield code="r">2015-09-27</subfield>
    <subfield code="w">2015-09-27</subfield>
    <subfield code="y">ATMSP</subfield>
  </datafield>
  <datafield tag="952" ind1=" " ind2=" ">
    <subfield code="0">0</subfield>
    <subfield code="1">0</subfield>
    <subfield code="2">ddc</subfield>
    <subfield code="4">0</subfield>
    <subfield code="6">ATM__SP__KON_2003_000000000000000_B058_OR_8</subfield>
    <subfield code="7">0</subfield>
    <subfield code="9">5903</subfield>
    <subfield code="a">LBB</subfield>
    <subfield code="b">LBB</subfield>
    <subfield code="c">B058</subfield>
    <subfield code="d">2015-09-27</subfield>
    <subfield code="o">ATM.Sp. KON 2003 B058 Or.8</subfield>
    <subfield code="p">RUA001349</subfield>
    <subfield code="r">2015-09-27</subfield>
    <subfield code="w">2015-09-27</subfield>
    <subfield code="y">ATMSP</subfield>
  </datafield>
</record>
